| 000 | 01109nam a22002537a 4500 | ||
|---|---|---|---|
| 001 | 38262 | ||
| 003 | BD-RjUL | ||
| 005 | 20211209052747.0 | ||
| 008 | 151019s1998 ii ||||e b||| 001 0 ben d | ||
| 020 | _a8186946071 | ||
| 035 | _a(BD-RjUL)38367 | ||
| 040 |
_aBD-RjUL _beng _cBD-RjUL |
||
| 041 | _aben | ||
| 082 |
_a891.441409 _bGHR 1998 |
||
| 100 |
_aঘোষ, জ্যোতির্ময় _9118284 |
||
| 245 |
_aরবীন্দ্র-উপন্যাসের প্রথম পর্যায় / _cজ্যোতির্ময় ঘোষ |
||
| 250 | _a৩য় সং. | ||
| 260 |
_aকলকাতা ৬ : _bসাহিত্যলোক, _c১৯৯৮ |
||
| 300 |
_a১৪৪ পৃ. : _c২২ সেমি. |
||
| 504 | _aগ্রন্থপঞ্জী ও নির্ঘন্ট সংযুক্ত । | ||
| 600 |
_aঠাকুর, রবীন্দ্রনাথ _d১৮৬১-১৯৪১ _xসমালোচনা ও ব্যাখ্যা _9118288 |
||
| 600 |
_aTagore, Rabindranath _d1861-1941 _xCriticism and interpretation. _9118289 |
||
| 942 |
_2ddc _cBK _01 |
||
| 999 |
_c38262 _d38262 |
||